000 00787nam a2200265Ia 4500
003 OSt
005 20221005033550.0
006 a|||||r|||| 00| 0
007 ta
008 221004b |||||||| |||| 00| 0 eng d
020 _a9789380852904 (hbk)
_cINR 2500.00
024 _a42619
037 _b473, 16/01/2019, Sunrise Books
_cTextual
040 _aCRL
_cCRL
_beng
041 _2eng
_aeng
082 _aND4413, Q8
100 _aLama G.K. Au.
_937756
245 0 _aArchaeological journey of Nalanda
_b1838-2016
260 _aDelhi
_bBuddhist World Press India
_c2018
300 _axvii,160p.
_ccm.
650 _a SCULPTURE
_942083
650 _aARTS
942 _hND4413, Q8
_cTEXL
_2cc
999 _c941712
_d941712